Responses for Show #6634 - Thursday, June 20, 2013

Andrew Moore game 4.

Contestants

[<< previous game]

Caitlin Peruccio, a law student from Manchester, Connecticut

Tom Hanson, a Ph.D. candidate in finance from Kent, Ohio

Andrew Moore, a test prep instructor from Buford, Georgia (whose 3-day cash winnings total $89,302)

[next game >>]

Jeopardy! Round responses

RHYME BOSS
(Alex: Each correct response will rhyme with that word.)
A BIBLICAL ANATOMY LESSON
99
APPOINTEES TO THE COURT
GEOGRAPHIC FOODS
THE WALT DISNEY FAMILY MUSEUM
(Sarah of the Clue Crew: Where we'll learn some new things about how one man changed the whole world of entertainment.)
    $200 15
gloss

Caitlin
    $200 23
(right) hand

Tom
    $200 8
Allah

Tom
    $200 5
jester

Andrew
    $200 20
Manhattan

Andrew
    $200 25
Fantasia

Caitlin
    $400 16
cross

Andrew
    $400 21
eye

Andrew
    $400 9
Occupy

Caitlin
    $400 14
(Edmund) Halley

Tom
    $400 27
Swedish

Caitlin
    $400 26
the Medal of Freedom

Andrew
    $600 13
toss

Caitlin
    $600 4
Proverbs

Caitlin
    $600 7
Jay-Z

Caitlin
    $600 24
(Leonardo) da Vinci

Caitlin
    $600 2
Tabasco (sauce)

Triple Stumper
    $600 28
The Parent Trap

Andrew
    $800 19
moss

Tom
    $800 12
knee

Andrew
    $800 10
(Caitlin: Who is Encyclopedia Brown?)

Nancy Drew

TomCaitlin
    $800 22
lady-in-waiting

Tom
    $800 1
Mongolian

Andrew
    $800 30
the Mickey Mouse Club

Caitlin
    $1000 18
dross

Triple Stumper
    $1000 17
Simon Peter

Andrew
    $1000 11
einsteinium

Andrew
    $1,000 3
poet laureate

Andrew
    $1000 6
Mississippi

Andrew
    $1000 29
storyboard

Andrew

Scores at the first commercial break (after clue 15):

Andrew Tom Caitlin
$4,800 $1,400 $1,600

Scores at the end of the Jeopardy! Round:

Andrew Tom Caitlin
$8,800 $3,200 $3,600

Double Jeopardy! Round responses

CRIME BOSS
AUSTRALIAN CAPITALS
ALBUM COVERS
YOU SAY TOMATO
LITERARY LATE BLOOMERS
I SEE A "GHOST"
    $400 8
Lucky

Tom
    $400 29
Sydney

Andrew
    $400 13
The Joshua Tree

Caitlin
    $400 22
gelato

Tom
    $400 1
Angela's Ashes

Caitlin
    $400 30
(Andrew: What is a ghost chance... ghost's chance?)

a ghost of a chance

AndrewTom
    $800 9
Colombia

Caitlin
    $1,000 28
(Andrew: What is Sydney?)

Melbourne

Andrew
    $800 14
Nevermind

Andrew
    $800 17
arigato

Andrew
    $800 2
(Andrew: What is The Maltese Falcon?)
...
(Alex: The Maltese Falcon was Dashiell Hammett. [*] was Raymond Chandler's.)

The Big Sleep

Andrew
Triple Stumper
    $800 27
ghostwriter

Andrew
    $1200 10
(Caitlin: What is Sardinia?)

Sicily

TomCaitlin
    $1200 26
koalas

Tom
    $1200 18
Born This Way

Triple Stumper
    $1200 16
Demi Lovato

Caitlin
    $1200 3
Ohio

Andrew
    $1200 20
The Galloping Ghost

Andrew
    $1600 11
(John) Gotti

Caitlin
    $1600 25
Hobart

Andrew
    $1600 5
Tapestry

Caitlin
    $1600 15
legato

Andrew
    $3,000 6
(Caitlin: Who is Shepherd?)

William S. Burroughs

Caitlin
    $1600 19
The Holy Ghost

Andrew
    $2000 12
Yakuza

Triple Stumper
    $2000 24
Perth

Andrew
    $2000 4
Candy-O

Triple Stumper
    $2000 21
Erato

Tom
    $2000 7
Charles Bukowski

Triple Stumper
    $2000 23
Ghost Dance

Andrew

Scores at the end of the Double Jeopardy! Round:

Andrew Tom Caitlin
$20,600 $8,800 $5,400
(lock game)

[wagering suggestions for these scores]

Final Jeopardy! Round responses

WORLD LEADERS
(Alex: [To Caitlin] Yes, indeed. Putin, back in, uh, power again.)
CaitlinWhat is Georgia? Russia?
$3,401
TomWhat is Brazil?
$8,750
AndrewWhat is Italy?
$2,500
Russia

Final scores:

Andrew Tom Caitlin
$18,100 $50 $8,801
4-day champion: $107,402 3rd place: $1,000 2nd place: $2,000

Game dynamics:

Coryat scores:

Andrew Tom Caitlin
$21,600 $8,800 $8,400
24 R
(including 1 DD),
3 W
(including 1 DD)
12 R,
0 W
15 R,
3 W
(including 1 DD)

Combined Coryat: $38,800

[game clues] [game scores] [suggest correction]

Game tape date: 2013-02-12
The J! Archive is created by fans, for fans. Scraping, republication, monetization, and malicious use prohibited; this site may use cookies and collect identifying information. See terms. The Jeopardy! game show and all elements thereof, including but not limited to copyright and trademark thereto, are the property of Jeopardy Productions, Inc. and are protected under law. This website is not affiliated with, sponsored by, or operated by Jeopardy Productions, Inc. Join the discussion at JBoard.tv.